000 01809nam a2200289Ia 4500
999 _c36865
_d36865
001 2814
003 GE_BSU
005 20190506145516.0
008 181216s1993||||ge |||||||||||||| ||geo||
040 _cGE_BSU
041 _ageo
080 _a339.13(042.4) ს–13
245 _aსაბაზრო ეკონომკის საფუძვლები /
_cვლადიმერ პაპავა; რამაზ ახმეტელი; პაატა ლეიაშვილი; ნოდარ ულუმბერაშვილი; რედ : ვლადიმერ პაპავა, არჩილ თეთრაული ;
264 _aთბილისი . :
_bმაცნე,
_c1993.
300 _a320 გვ ;
_c20 სმ.
541 _h6 ლ. 50 თ.
653 _aსაბაზრო ეკონომკის საფუძვლები
653 _aეკონომიკა
700 _aპაპავა, ვლადიმერ
_9567
700 _aახმეტელი, რამაზ
_9795
700 _aლეიაშვილი, პაატა
_9796
700 _aულუმბერაშვილი, ნოდარ
_9797
700 _aპაპავა, ვლადიმერ
_eრედაქტორი
_9567
700 _aთეთრაული, არჩილ
_eრედაქტორი
_9798
710 _aსაქ. მეცნ. აკად. ეკონ. ინ-ტთან არსებული ს/კ და სასწავლო-საკონსულტაციო ცენტრი "ეკონომიკური განათლება", თბილ. ბიზნესისა და მარკეტინგის უმაღლ. სკოლა.
_9799
942 _cBK
_2udc